000 00368nam a2200133Ia 4500
008 240624s9999 xx 000 0 und d
041 _aeng
082 _a658.4012 TEE
100 _aTEECE DAVID J
245 _aDYNAMIC CAPABILITIES AND STRATEGIC MANAG
260 _c2009
_aNew Delhi
_bOxford University press
300 _axiii, : 286 : p. : cm. ; 22
365 _cRS
_b15
999 _c14574
_d14574